Online katalóg knižníc regiónu Turca

Nie je škola ako škola (nie je žiak ako žiak) (Record no. 21694)

MARC details
000 -LEADER
fixed length control field 01627cam a2200445 a 4500
001 - CONTROL NUMBER
control field 21694
003 - CONTROL NUMBER IDENTIFIER
control field VRT
005 - DATE AND TIME OF LATEST TRANSACTION
control field 20260309093840.0
008 - FIXED-LENGTH DATA ELEMENTS--GENERAL INFORMATION
fixed length control field 251113s1995 xo a ra 0000f slo
015 ## - NATIONAL BIBLIOGRAPHY NUMBER
National bibliography number SNBA1995/0701910
020 ## - INTERNATIONAL STANDARD BOOK NUMBER
International Standard Book Number 8006005907
035 ## - SYSTEM CONTROL NUMBER
System control number SNK000001123
039 #9 - LEVEL OF BIBLIOGRAPHIC CONTROL AND CODING DETAIL [OBSOLETE]
Level of rules in bibliographic description 202511131414
Level of effort used to assign nonsubject heading access points VLOAD
Level of effort used to assign subject headings 202511131328
Level of effort used to assign classification VLOAD
Level of effort used to assign subject headings 202511131325
Level of effort used to assign classification VLOAD
Level of effort used to assign subject headings 202011201110
Level of effort used to assign classification VLOAD
040 ## - CATALOGING SOURCE
Original cataloging agency SNK
Language of cataloging slo
Transcribing agency SNK
Description conventions AACR2
041 0# - LANGUAGE CODE
Language code of text/sound track or separate title slo
044 ## - COUNTRY OF PUBLISHING/PRODUCING ENTITY CODE
MARC country code xo
ISO country code SK
080 ## - UNIVERSAL DECIMAL CLASSIFICATION NUMBER
Universal Decimal Classification number 885.4-3(087.5)
Edition identifier 1981
100 1# - MAIN ENTRY--PERSONAL NAME
Personal name Ďuríčková, Mária,
Dates associated with a name 1919-2004
Relationship aut
245 10 - TITLE STATEMENT
Title Nie je škola ako škola (nie je žiak ako žiak)
Statement of responsibility, etc. Mária Ďuríčková ; [ilustrovala Helena Zmatlíková]
250 ## - EDITION STATEMENT
Edition statement 3. vyd.
260 ## - PUBLICATION, DISTRIBUTION, ETC.
Place of publication, distribution, etc. Bratislava
Name of publisher, distributor, etc. Mladé letá
Date of publication, distribution, etc. 1995
300 ## - PHYSICAL DESCRIPTION
Extent 63 s.
Dimensions 21 cm
490 1# - SERIES STATEMENT
Series statement Prvá kniha
500 ## - GENERAL NOTE
General note Ilustr. na tit. strane a front.
521 ## - TARGET AUDIENCE NOTE
Target audience note Pre čitateľov od 6 rokov
655 #7 - INDEX TERM--GENRE/FORM
Genre/form data or focus term slovenské rozprávky
Source of term SNKPH
655 #7 - INDEX TERM--GENRE/FORM
Genre/form data or focus term autorské rozprávky
Source of term SNKPH
700 1# - ADDED ENTRY--PERSONAL NAME
Personal name Zmatlíková, Helena,
Dates associated with a name 1923-2005
Relationship ill
830 #0 - SERIES ADDED ENTRY--UNIFORM TITLE
Uniform title Prvá kniha
911 ## - EQUIVALENCE OR CROSS-REFERENCE-CONFERENCE OR MEETING NAME [LOCAL, CANADA]
Meeting name or jurisdiction name as entry element KN 1995/07
Number [OBSOLETE] 01910
Location of meeting 02279
942 ## - ADDED ENTRY ELEMENTS (KOHA)
Source of classification or shelving scheme Dewey Decimal Classification
Koha item type Krásna literatúra pre deti
Suppress in OPAC No
949 ## - LOCAL PROCESSING INFORMATION (OCLC)
9 P60, <09>, [BOOK], {629}
a snkC 1035
b snk2009/950615
949 ## - LOCAL PROCESSING INFORMATION (OCLC)
6 17A0026620
9 P60, <04>, [BOOK], {604}
a snkSC 88576 D1
b snkKSP 5914/95
949 ## - LOCAL PROCESSING INFORMATION (OCLC)
6 270001000023515
a svkbbA 88850
p 592.884
949 ## - LOCAL PROCESSING INFORMATION (OCLC)
6 17A1013565
a snkSC 88576
b snkKSP 5913/95
s 6101:20151012
949 ## - LOCAL PROCESSING INFORMATION (OCLC)
6 3869A08541
a bpksh885.4-32
b bpksh45744
949 ## - LOCAL PROCESSING INFORMATION (OCLC)
6 3869A08542
a bpksh885.4-32
b bpksh45839
949 ## - LOCAL PROCESSING INFORMATION (OCLC)
6 273K0325432
a svkpoA 165043
b svkpo409161
o PV 1869/95
Holdings
Stav vyradenia Strata Poškodenie Spôsob nadobudnutia Domovská knižnica Aktuálna knižnica Dátum nadobudnutia Total checkouts Čiarový kód exemplára Date last seen Typ exemplára
      Dar Obecná knižnica Turčianska Štiavnička Obecná knižnica Turčianska Štiavnička 09.03.2026   4738000284 09.03.2026 Krásna literatúra pre deti
Projekt je podporený Slovenskou asociáciou knižníc
Prevádzkuje Turčianska knižnica Martin 2026